Almanya'da ''hayali Türkiye'nin Müziği (Record no. 10694)

MARC details
000 -BAŞLIK
Sabit Uzunlukta Kontrol Alanı 00887na a2200277 4500
001 - KONTROL NUMARASI
Denetim Alanı 24133
003 - KONTROL NUMARASI IDENTIFIER
Denetim Alanı MIRAKIL
005 - SON İŞLEM TARİHİ VE ZAMANI
Denetim Alanı 20181213155331.0
008 - SABİT-BOY VERİ ELEMANLARI - GENEL BİLGİLER
Sabit Uzunlukta Kontrol Alanı 180604b tu 000 0
020 ## - ULUSLARARASI STANDART KİTAP NUMARASI
Uluslararası Standart Kitap Numarası 9756176555
040 ## - KATALOGLAMA KAYNAK
Orijinal Kataloglama Ajansı Milas
Kataloglama Dili tur
Metne Dönüştürmek Ajansı TR-AnCHP
041 ## - DİL KODU
Metin / Ses Parça Veya Ayrı Başlığın Dil Kodu tur
082 ## - DEWEY ONLU SINIFLANDIRMA NUMARASI
Sınıflandırma Numarası 780.899435043
Ürün Numarası G63a 2003
090 ## - SINIFLAMA NUMARASI
Sınıflama Numarası 780.899435043 G63a 2003
100 ## - ANA GİRİŞ - KİŞİSEL İSİM
Kişisel Ad Greve, Martin
245 ## - BAŞLIK TABLOSU
Başlık Almanya'da ''hayali Türkiye'nin Müziği
Sorumluluk Tablosu, Vb Martin Greve; çeviren Selin Dingiloğlu
260 ## - YAYIN, DAĞITIM, VB
Yayın, Dağıtım, Vb Yeri İstanbul
Yayıncı, Dağıtıcı, Vs Adı İstanbul Bilgi Üniversitesi
Yayın, Dağıtım, Vb Tarihi 2006
Üretici Firma sena ofset
300 ## - FİZİKSEL TANIM
Kapsam 572 s.
Diğer Fiziksel Ayrıntıları res.
Boyutlar 23 sm.
Eşlik Eden Malzeme 1 adet CD
440 ## - SERİSİ TABLOSU / KATMA GİRİŞİ - BAŞLIK
Başlık İstanbul Bilgi Üniversitesi Yayınları
Hacim / Ardışık Tanımı 139
490 ## - SERİSİ TABLOSU
Seri Beyanı Göç çalışmaları
Hacim / Ardışık Tanımı 6
504 ## - KAYNAKÇA VB NOT
Kaynakça Vb Notu Kaynakça ve dizin var.
650 ## - KONU KATMA GİRİŞ - TOPİKAL DÖNEM
Topikal Süreli Veya Coğrafi Ad Giriş Elemanı Türkler
Genel Alt Bölümü Almanya
-- Etnik kimlik
650 ## - KONU KATMA GİRİŞ - TOPİKAL DÖNEM
Topikal Süreli Veya Coğrafi Ad Giriş Elemanı Türkler, Almanya
Genel Alt Bölümü Müzik
700 ## - KATMA GİRİŞ - KİŞİSEL İSİM
Kişisel Ad Dingiloğlu, Selin
942 ## - EKLENDİ GİRİŞ ELEMANLARI (KOHA)
Sınıflandırma Veya Raf Düzeni Kaynak
Koha Öğesi Türü Books
999 ## - SİSTEM KONTROL NUMARALARI (KOHA)
Koha Biblionumber 10694
Koha Biblioitemnumber 10694
Holdings
Kalıcı Konum Mevcut Konum Edinme Tarihi Edinim Kaynak Toplam Check-Out'Lar Tam Çağrı Numarası Barkod Tarih Son Görülme İtibaren Geçerli Fiyatlar Koha Öğesi Türü
CHP Kütüphanesi CHP Kütüphanesi 06/04/2018 Bağış   780.899435043 G63a 2003 018171 06/04/2018 06/04/2018 Books